LEADER 01551nam0 22003131i 450 001 SUN0028258 005 20071015120000.0 010 $a88-204-3755-4 100 $a20041118d1990 |0itac50 ba 101 $aita 102 $aIT 105 $a|||| ||||| 200 1 $aCostruzioni e salute$ecriteri, norme e tecniche contro l'inquinamento interno$fAdriana Baglioni, Silvia Piardi$gprefazione di Vera Squarcialupi$gintroduzione di Guido Nardi$gscritti di Marisa Bertoldini ... [et al.] 210 $aMilano$cFranco Angeli$d1990 215 $a449 p.$cill.$d23 cm. 410 1$1001SUN0061516$12001 $aStudi e ricerche del dipartimento di programmazione, progettazione e produzione edilizia del Politecnico di Milano$v10$1210 $aMilano$cAngeli. 606 $aEdifici$xIgiene$2FI$3SUNC012653 606 $aMateriali da costruzione$xNorme di sicurezza$2FI$3SUNC012654 620 $dMilano$3SUNL000284 676 $a363.729$cIgiene. Misure sanitarie in specifici ambienti$v21 700 1$aBaglioni$b, Adriana$3SUNV011475$0441598 701 1$aPiardi$b, Silvia$3SUNV014151$08587 712 $aAngeli$3SUNV000073$4650 801 $aIT$bSOL$c20181109$gRICA 912 $aSUN0028258 950 $aBIBLIOTECA DEL DIPARTIMENTO DI ARCHITETTURA E DISEGNO INDUSTRIALE$d01 PREST IIAa48(10) $e01 796 995 $aBIBLIOTECA DEL DIPARTIMENTO DI ARCHITETTURA E DISEGNO INDUSTRIALE$bIT-CE0107$h796$kPREST IIAa48(10)$op$qa 996 $aCostruzioni e salute$91431225 997 $aUNICAMPANIA LEADER 00945aam a2200241 i 4500 001 991000999809707536 008 101216s2006 it 00 0 ita 020 $a887431356X 035 $ab13944551-39ule_inst 040 $aBiblioteca Interfacoltà$bita 082 04$a945.7052 100 1 $aPalmieri, Stefano$0315971 245 13$aLa cancelleria del Regno di Sicilia in età angioina /$cStefano Palmieri 260 $aNapoli :$bAccademia pontaniana,$c2006 300 $a217 p. ;$c24 cm. 440 0$aQuaderni dell'Accademia Pontaniana ;$v48 651 4$aNapoli $xCancelleria$xStoria$ySec. 13.-14. 907 $a.b13944551$b02-04-14$c16-12-10 912 $a991000999809707536 945 $aLE002 945.7052 PAL$g1$i2002000620026$lle002$oe$pE0.00$q-$rl$s- $t0$u1$v0$w1$x0$y.i15211642$z16-12-10 996 $aCancelleria del Regno di Sicilia in età angioina$932819 997 $aUNISALENTO 998 $ale002$b16-12-10$cm$da $e-$fita$git $h3$i0 LEADER 01387cam a22003134i 4500 001 991001270009707536 008 050405s2005 enkaa b 001 0 eng 020 $a1841713953 035 $ab1334688x-39ule_inst 040 $aDip.to Beni Culturali$bita 100 1 $aSconfienza, Roberto.$0572731 245 10$aFortificazioni tardo classiche e ellenistiche in Magna Grecia :$bi casi esemplari nell'Italia del Sud /$cRoberto Sconfienza. 260 $aOxford, England :$bBritish Archaeological Reports,$c2005 300 $aX, 108, LXXIV p. :$bill. ;$c30 cm. 440 0$aBAR international series ;$v1341 440 0$aNotebooks on military archaeology and architecture ;$v1 504 $aContiene bibliografia: pp. 93-107 650 4$aFortificazioni greche$zMagna Grecia 650 4$aFortificazioni greche$zItalia meridionale 650 4$aScavi archeologici$zItalia$zMagna Grecia 650 4$aScavi archeoligici$zItalia meridionale 651 4$aMagna Grecia (Italia)$xAntichità 651 4$aItalia meridionale$xAntichità 907 $a.b1334688x$b02-04-14$c20-10-05 912 $a991001270009707536 945 $aLE001 M 85 4º$g1$i2001000152568$lle001$op$pE81.50$q-$rl$s- $t0$u3$v0$w3$x0$y.i14138591$z20-10-05 996 $aFortificazioni tardo classiche e ellenistiche in Magna Grecia$91065925 997 $aUNISALENTO 998 $ale001$b20-10-05$cm$da $e-$feng$genk$h0$i0